00430nam a2200121Ia 4500008004100000020001500041082002000056100003500076245010500111260003700216300001800253650003700271120622s9999 xx 000 0 und d a9706330054 a070.4023bP933p aPrieto Castillo, Danieleautor aLa pasión por el discurso b: cartas a los estudiantes de comunicaciónc/ Daniel Prieto Castillo aMéxicob: Ediciones Coyoacán a142 páginas14aCOMUNICACIÓN COMO PROFESIÓN